COWS IN ACTION (Record no. 6039)
[ view plain ]
| 000 -LEADER | |
|---|---|
| fixed length control field | 00626nam a22001457a 4500 |
| 020 ## - INTERNATIONAL STANDARD BOOK NUMBER | |
| ISBN | 978-1-862-30539-7 |
| 082 ## - DEWEY DECIMAL CLASSIFICATION NUMBER | |
| Classification number | 823 |
| Item number | COL/C |
| 100 ## - MAIN ENTRY--AUTHOR NAME | |
| Personal name | COLE, STEVE |
| 245 ## - TITLE STATEMENT | |
| Title | COWS IN ACTION |
| Remainder of title | THE BATTLE FOR CHRISTMOOS |
| 260 ## - PUBLICATION, DISTRIBUTION, ETC. (IMPRINT) | |
| Place of publication | GREAT BRITAIN |
| Name of publisher | RED FOX BOOK |
| Year of publication | 2008 |
| 300 ## - PHYSICAL DESCRIPTION | |
| Number of Pages | 148 |
| 520 ## - SUMMARY, ETC. | |
| Summary, etc | A fabulous festive tale starring our courageous cow heroes. While travelling in time, Professor McMoo and his CIA squad are accidentally dropped into Christmas Eve 1066, on the eve of William the Conqueror's coronation as King. And the whole land has gone Christmas crazy! |
| 650 ## - SUBJECT ADDED ENTRY--TOPICAL TERM | |
| Topical Term | ADVENTURE STORY |
| Geographic subdivision | UNITED KINGDOM |
| 942 ## - ADDED ENTRY ELEMENTS (KOHA) | |
| Koha item type | Books |
| Withdrawn status | Lost status | Collection code | Home library | Current library | Shelving location | Date acquired | Source of acquisition | Full call number | Accession Number | Koha item type |
|---|---|---|---|---|---|---|---|---|---|---|
| Fiction | Main Library | Main Library | SHELF 15 H-HARRY POTTER(CHARACTERISATION),WIMPY KID,DORK DIARIES | 25/03/2016 | purchase | 823 COL/C | 08190 | Books |